A dictionary of the social sciences

Shranjeno v:
Bibliografske podrobnosti
Main Authors: Gould, Julius (Author), Klob, William L (Author)
Format: Knjiga
Jezik:angleščina
Izdano: Nueva York Free Press of Glencoe 1964
Teme:
Oznake: Označite
Brez oznak, prvi označite!

MARC

LEADER 00000nam a2200000 a 4500
001 UCR8022
003 CL-VaPUC
008 980519e19640000US |||||||||||||||||eng|d
082 0 4 |a 320.03  |b GOU  |2 21 
100 0 |a Gould, Julius  |e author  |9 409645 
700 0 |a Klob, William L  |e author  |9 409646 
245 1 2 |a A dictionary of the social sciences 
300 |a 761 p 
942 |c BK 
945 |d 19980519 00:00:00  |a crobeson 
260 |a Nueva York  |b Free Press of Glencoe  |c 1964 
650 0 |a Ciencias sociales   |9 256351 
650 0 |a Diccionarios  |9 256200 
583 |a last modification  |c 19980519 00:00:00  |k Rodrigo Vera 
999 |c 269591  |d 269589 
952 |0 0  |1 0  |4 0  |6 320_030000000000000_GOU_1964  |7 0  |8 F  |9 303371  |a BIBENE  |b BIBENE  |d 2019-11-20  |i 1400959  |o 320.03 GOU 1964  |p 1400959  |r 2025-01-15  |w 2019-11-20  |y BK_F  |k ICO